ระบบห้องสมุดอัตโนมัติ ULibM
วิทยาลัยพยาบาลบรมราชชนนี พระพุทธบาท
เปลี่ยนเป็นภาษาไทย

Change to English
 แสดงรายละเอียดบรรณานุกรม
  กลับหน้าหลัก

Brief Record : Get Marc (ISO 2709) : E-mail record : QR code ปิดหน้าต่าง
E-books : เกี่ยวกับ Collections
LEADER 00000nam 2200000uu 4500
001    13399122149
003     ULIBM
008    031112s2009 th a 000 0 eng d
020    9780781763851
100    Craig, Gloria P
245    Clinical calculations made easy : solving problems using dimensional analysis
250    4th ed
260    China :^bWolters Kluwer Health / Lippincott Williams & Wilkins,^c2009
300    271 pages
650    Pharmaceutical Preparations-administration & dosage.^xMathematices^yNurses' Instruction^zProblem Solving
945    ^p0^l0^i012622
999    ^aน.ส.สุพรรษา เริงรื่น
รายการนี้ยังไม่มีแท็ก
คุณยังไม่ได้ล็อกอิน คุณสามารถมีกิจกรรมร่วมกับเว็บไซต์ได้ แต่ต้องล็อกอินก่อน ::
  ล็อกอิน
ลำดับที่ ประเภท เลขเรียก สถานที่ สถานะ
1.
QV748 C886ca 2009  
  
วิทยาลัยพยาบาลบรมราชชนนี พระพุทธบาท
►หนังสือทั่วไป
On Shelf
   [แสดง 1/1 รายการ]

Bib 13399122149